000 00675nam a22002297a 4500
999 _c6431
_d6431
003 GBCCL
005 20241126110603.0
008 180514b ||||| |||| 00| 0 eng d
020 _a0854217096 (Scripture Union)
020 _a0802817653 (Wm. B. Eerdmans)
040 _cgbc
082 _a232.8
_bPHI
100 _aPhilip, James
_911526
245 _aJesus as God /
_cJames Philip
260 _aLondon:
_bScripture Union,
_c1978
260 _aGrand Rapids:
_bWm. B. Eerdmans,
_c1978
300 _a59 p.;
_c21 cm.
440 _aUnderstanding Bible Teaching
_911527
650 _aJesus Christ
_xPersons and offices
_911052
650 _aChristology
_93014
942 _2ddc
_cBK
_04